31鳥取県の市町村 - Statistics

General Stats
  • This quiz has been taken 73 times
    69 since last reset
  • The average score is 11 of 19
Answer Stats
Answer % Correct
鳥取市
97%
米子市
95%
境港市
95%
倉吉市
84%
東伯郡湯梨浜町
53%
八頭郡八頭町
50%
西伯郡大山町
50%
岩美郡岩美町
47%
西伯郡日吉津村
47%
西伯郡伯耆町
47%
八頭郡若桜町
45%
東伯郡三朝町
45%
東伯郡琴浦町
45%
東伯郡北栄町
45%
西伯郡南部町
45%
日野郡日南町
45%
八頭郡智頭町
42%
日野郡日野町
42%
日野郡江府町
39%
No matching quizzes found
Score Distribution
Percent of People with Each Score
Percentile by Number Answered
Your Score History
You have not taken this quiz since the last reset